[Event "DVM U12 2024"]
[Site "Heidelberg GER"]
[Date "2024.12.27"]
[Round "1"]
[White "Heidtkamp, Anna"]
[Black "Tiuca, Emma"]
[Result "1-0"]
[Termination "normal"]
[Board "5.4"]
[WhiteElo "1663"]
[BlackElo "1472"]
[WhiteClock "00:22:28"]
[BlackClock "01:30:36"]
[WhiteTeam "Düsseldorfer SV 1854"]
[BlackTeam "SG Trier 1877"]
[PlyCount "165"]
[WhiteFideId "16269012"]
[BlackFideId "4007549"]
[EventCountry "GER"]
[EventRounds "7"]
[EventType "team-swiss"]
[EventDate "2024.12.26"]

1. e4 {[%clk 01:30:58]} {[%emt 00:00:02]} e6 {[%clk 01:30:45]} {[%emt
00:00:14]} 2. d3 {[%clk 01:31:10]} {[%emt 00:00:19]} d5 {[%clk 01:31:01]}
{[%emt 00:00:12]} 3. Nd2 {[%clk 01:31:36]} {[%emt 00:00:06]} c5 {[%clk
01:30:42]} {[%emt 00:00:46]} 4. Ngf3 {[%clk 01:32:01]} {[%emt 00:00:07]} Nc6
{[%clk 01:30:08]} {[%emt 00:01:02]} 5. g3 {[%clk 01:32:25]} {[%emt 00:00:07]}
Nf6 {[%clk 01:29:17]} {[%emt 00:01:20]} 6. Bg2 {[%clk 01:32:46]} {[%emt
00:00:11]} Be7 {[%clk 01:28:47]} {[%emt 00:00:58]} 7. O-O {[%clk 01:32:57]}
{[%emt 00:00:20]} O-O {[%clk 01:28:59]} {[%emt 00:00:18]} 8. Re1 {[%clk
01:29:52]} {[%emt 00:03:36]} Qc7 {[%clk 01:23:20]} {[%emt 00:06:07]} 9. Nf1
{[%clk 01:25:42]} {[%emt 00:04:42]} d4 {[%clk 01:17:43]} {[%emt 00:06:05]} 10.
e5 {[%clk 01:19:25]} {[%emt 00:06:49]} Nd7 {[%clk 01:17:55]} {[%emt 00:00:17]}
11. Bf4 {[%clk 01:18:42]} {[%emt 00:01:15]} Nb6 {[%clk 01:16:40]} {[%emt
00:01:44]} 12. g4 {[%clk 01:06:51]} {[%emt 00:12:21]} Nd5 {[%clk 01:16:44]}
{[%emt 00:00:25]} 13. Bg3 {[%clk 01:05:02]} {[%emt 00:02:21]} Qd8 {[%clk
01:15:32]} {[%emt 00:01:39]} 14. Qd2 {[%clk 00:57:16]} {[%emt 00:08:19]} h6
{[%clk 01:12:09]} {[%emt 00:03:52]} 15. h4 {[%clk 00:51:58]} {[%emt 00:05:48]}
Re8 {[%clk 01:03:42]} {[%emt 00:08:55]} 16. g5 {[%clk 00:43:08]} {[%emt
00:09:22]} hxg5 {[%clk 01:03:27]} {[%emt 00:00:44]} 17. hxg5 {[%clk 00:43:24]}
{[%emt 00:00:15]} g6 {[%clk 00:58:22]} {[%emt 00:05:33]} 18. Re4 {[%clk
00:38:23]} {[%emt 00:05:32]} Bf8 {[%clk 00:57:40]} {[%emt 00:01:11]} 19. Rh4
{[%clk 00:37:21]} {[%emt 00:01:33]} Bg7 {[%clk 00:57:40]} {[%emt 00:00:29]} 20.
c3 {[%clk 00:31:34]} {[%emt 00:06:19]} Qc7 {[%clk 00:56:34]} {[%emt 00:01:35]}
21. cxd4 {[%clk 00:28:39]} {[%emt 00:03:25]} cxd4 {[%clk 00:56:37]} {[%emt
00:00:27]} 22. Rc1 {[%clk 00:25:22]} {[%emt 00:03:48]} Qb6 {[%clk 00:55:55]}
{[%emt 00:01:10]} 23. a3 {[%clk 00:24:19]} {[%emt 00:01:35]} Kf8 {[%clk
00:55:44]} {[%emt 00:00:40]} 24. Rc4 {[%clk 00:23:51]} {[%emt 00:01:00]} Na5
{[%clk 00:55:28]} {[%emt 00:00:45]} 25. Rc2 {[%clk 00:22:48]} {[%emt 00:01:33]}
Nc6 {[%clk 00:55:19]} {[%emt 00:00:38]} 26. b4 {[%clk 00:20:20]} {[%emt
00:02:59]} a5 {[%clk 00:55:22]} {[%emt 00:00:26]} 27. bxa5 {[%clk 00:17:46]}
{[%emt 00:03:05]} Rxa5 {[%clk 00:55:18]} {[%emt 00:00:34]} 28. Rb2 {[%clk
00:16:37]} {[%emt 00:01:39]} Rb5 {[%clk 00:55:31]} {[%emt 00:00:16]} 29. Rxb5
{[%clk 00:16:36]} {[%emt 00:00:32]} Qxb5 {[%clk 00:55:47]} {[%emt 00:00:13]}
30. Nxd4 {[%clk 00:16:37]} {[%emt 00:00:29]} Nxd4 {[%clk 00:55:40]} {[%emt
00:00:36]} 31. Rxd4 {[%clk 00:16:52]} {[%emt 00:00:15]} Bd7 {[%clk 00:55:45]}
{[%emt 00:00:25]} 32. Bxd5 {[%clk 00:16:12]} {[%emt 00:01:11]} exd5 {[%clk
00:56:03]} {[%emt 00:00:12]} 33. f4 {[%clk 00:14:52]} {[%emt 00:01:51]} Bf5
{[%clk 00:55:08]} {[%emt 00:01:24]} 34. Qb4+ {[%clk 00:12:25]} {[%emt
00:02:59]} Qxb4 {[%clk 00:55:28]} {[%emt 00:00:09]} 35. axb4 {[%clk 00:12:51]}
{[%emt 00:00:03]} Rd8 {[%clk 00:55:22]} {[%emt 00:00:36]} 36. Ne3 {[%clk
00:13:16]} {[%emt 00:00:06]} Be6 {[%clk 00:55:40]} {[%emt 00:00:11]} 37. Nc4
{[%clk 00:12:22]} {[%emt 00:01:25]} Rc8 {[%clk 00:55:34]} {[%emt 00:00:32]} 38.
Nd6 {[%clk 00:11:59]} {[%emt 00:00:57]} Rc1+ {[%clk 00:55:47]} {[%emt
00:00:17]} 39. Kf2 {[%clk 00:12:10]} {[%emt 00:00:19]} Rc2+ {[%clk 00:54:54]}
{[%emt 00:01:22]} 40. Kf3 {[%clk 00:11:40]} {[%emt 00:01:00]} b6 {[%clk
00:54:31]} {[%emt 00:00:51]} 41. b5 {[%clk 00:11:33]} {[%emt 00:00:40]} Kg8
{[%clk 00:53:25]} {[%emt 00:01:35]} 42. Ra4 {[%clk 00:10:00]} {[%emt 00:02:05]}
Rc3 {[%clk 00:53:02]} {[%emt 00:00:49]} 43. Ke3 {[%clk 00:09:35]} {[%emt
00:00:59]} Bf5 {[%clk 00:53:07]} {[%emt 00:00:24]} 44. Nxf5 {[%clk 00:09:35]}
{[%emt 00:00:31]} gxf5 {[%clk 00:53:25]} {[%emt 00:00:11]} 45. Be1 {[%clk
00:07:39]} {[%emt 00:02:27]} Rc5 {[%clk 00:53:35]} {[%emt 00:00:18]} 46. Rb4
{[%clk 00:07:27]} {[%emt 00:00:44]} Bf8 {[%clk 00:53:53]} {[%emt 00:00:11]} 47.
Rb2 {[%clk 00:07:06]} {[%emt 00:00:52]} Rc1 {[%clk 00:53:23]} {[%emt 00:00:55]}
48. Bd2 {[%clk 00:05:17]} {[%emt 00:02:24]} Rc8 {[%clk 00:53:33]} {[%emt
00:00:17]} 49. Kd4 {[%clk 00:26:39]} {[%emt 00:09:11]} Rc5 {[%clk 01:22:54]}
{[%emt 00:01:08]} 50. Ke3 {[%clk 00:26:34]} {[%emt 00:00:35]} Rc8 {[%clk
01:23:04]} {[%emt 00:00:20]} 51. d4 {[%clk 00:19:22]} {[%emt 00:07:43]} Ra8
{[%clk 01:22:30]} {[%emt 00:01:03]} 52. Rc2 {[%clk 00:17:48]} {[%emt 00:02:05]}
Ra3+ {[%clk 01:22:46]} {[%emt 00:00:12]} 53. Ke2 {[%clk 00:17:55]} {[%emt
00:00:24]} Rb3 {[%clk 01:22:42]} {[%emt 00:00:32]} 54. Rc6 {[%clk 00:17:19]}
{[%emt 00:01:09]} Rxb5 {[%clk 01:22:52]} {[%emt 00:00:20]} 55. g6 {[%clk
00:16:15]} {[%emt 00:01:33]} fxg6 {[%clk 01:22:52]} {[%emt 00:00:29]} 56. Rxg6+
{[%clk 00:16:39]} {[%emt 00:00:07]} Kh7 {[%clk 01:23:04]} {[%emt 00:00:15]} 57.
Rf6 {[%clk 00:16:13]} {[%emt 00:00:59]} Be7 {[%clk 01:23:11]} {[%emt 00:00:19]}
58. Rf7+ {[%clk 00:16:39]} {[%emt 00:00:08]} Kg6 {[%clk 01:23:33]} {[%emt
00:00:08]} 59. Rxe7 {[%clk 00:17:02]} {[%emt 00:00:08]} Kh5 {[%clk 01:23:42]}
{[%emt 00:00:19]} 60. Rg7 {[%clk 00:15:19]} {[%emt 00:02:13]} Rb2 {[%clk
01:22:36]} {[%emt 00:01:32]} 61. e6 {[%clk 00:15:16]} {[%emt 00:00:37]} Ra2
{[%clk 01:22:54]} {[%emt 00:00:11]} 62. e7 {[%clk 00:15:36]} {[%emt 00:00:11]}
Ra8 {[%clk 01:23:06]} {[%emt 00:00:18]} 63. Rg5+ {[%clk 00:15:44]} {[%emt
00:00:22]} Kh6 {[%clk 01:23:26]} {[%emt 00:00:09]} 64. Rxf5 {[%clk 00:15:51]}
{[%emt 00:00:24]} Re8 {[%clk 01:23:42]} {[%emt 00:00:14]} 65. Bb4 {[%clk
00:15:46]} {[%emt 00:00:35]} Kg6 {[%clk 01:24:03]} {[%emt 00:00:09]} 66. Rxd5
{[%clk 00:15:57]} {[%emt 00:00:20]} Kf7 {[%clk 01:24:17]} {[%emt 00:00:15]} 67.
Rd8 {[%clk 00:16:15]} {[%emt 00:00:13]} Rxe7+ {[%clk 01:24:42]} {[%emt
00:00:05]} 68. Bxe7 {[%clk 00:16:42]} {[%emt 00:00:04]} Kxe7 {[%clk 01:25:03]}
{[%emt 00:00:09]} 69. Rb8 {[%clk 00:17:08]} {[%emt 00:00:04]} Ke6 {[%clk
01:25:24]} {[%emt 00:00:09]} 70. Rxb6+ {[%clk 00:17:32]} {[%emt 00:00:05]} Kd5
{[%clk 01:25:51]} {[%emt 00:00:02]} 71. f5 {[%clk 00:17:55]} {[%emt 00:00:08]}
Kxd4 {[%clk 01:26:12]} {[%emt 00:00:09]} 72. f6 {[%clk 00:18:17]} {[%emt
00:00:08]} Kc5 {[%clk 01:26:36]} {[%emt 00:00:06]} 73. f7 {[%clk 00:18:41]}
{[%emt 00:00:06]} Kxb6 {[%clk 01:27:01]} {[%emt 00:00:05]} 74. f8=Q {[%emt
00:00:07]} Kc6 {[%clk 01:27:26]} {[%emt 00:00:05]} 75. Qd8 {[%clk 00:19:31]}
{[%emt 00:00:04]} Kb7 {[%clk 01:27:51]} {[%emt 00:00:05]} 76. Qd6 {[%clk
00:19:53]} {[%emt 00:00:07]} Kc8 {[%clk 01:28:08]} {[%emt 00:00:13]} 77. Qe7
{[%clk 00:20:16]} {[%emt 00:00:07]} Kb8 {[%clk 01:28:34]} {[%emt 00:00:05]} 78.
Qd7 {[%clk 00:20:41]} {[%emt 00:00:05]} Ka8 {[%clk 01:28:58]} {[%emt 00:00:06]}
79. Kd3 {[%clk 00:21:08]} {[%emt 00:00:03]} Kb8 {[%clk 01:29:20]} {[%emt
00:00:08]} 80. Kc4 {[%clk 00:21:36]} {[%emt 00:00:02]} Ka8 {[%clk 01:29:47]}
{[%emt 00:00:03]} 81. Kb5 {[%clk 00:22:02]} {[%emt 00:00:04]} Kb8 {[%clk
01:30:10]} {[%emt 00:00:07]} 82. Kb6 {[%clk 00:22:30]} {[%emt 00:00:02]} Ka8
{[%clk 01:30:36]} {[%emt 00:00:04]} 83. Qb7# {[%clk 00:22:28]} {[%emt
00:00:02]} 1-0

[Event "DVM U12 2024"]
[Site "Heidelberg GER"]
[Date "2024.12.27"]
[Round "1"]
[White "Sutharjan, Dakxwin"]
[Black "Tu, Audrey"]
[Result "1-0"]
[Termination "normal"]
[Board "6.1"]
[WhiteElo "1917"]
[BlackElo "1734"]
[WhiteClock "00:54:35"]
[BlackClock "00:25:45"]
[WhiteTeam "SF Brackel 1930"]
[BlackTeam "SF 59 Kornwestheim"]
[PlyCount "145"]
[WhiteFideId "34606548"]
[BlackFideId "34628568"]
[EventCountry "GER"]
[EventRounds "7"]
[EventType "team-swiss"]
[EventDate "2024.12.26"]

1. e4 {[%clk 01:30:52]} {[%emt 00:00:08]} e5 {[%clk 01:30:53]} {[%emt
00:00:07]} 2. Nf3 {[%clk 01:31:14]} {[%emt 00:00:08]} Nc6 {[%clk 01:31:20]}
{[%emt 00:00:03]} 3. d4 {[%clk 01:31:37]} {[%emt 00:00:07]} exd4 {[%clk
01:31:47]} {[%emt 00:00:03]} 4. Nxd4 {[%clk 01:31:58]} {[%emt 00:00:09]} Nf6
{[%clk 01:32:14]} {[%emt 00:00:03]} 5. Nxc6 {[%clk 01:32:20]} {[%emt 00:00:08]}
bxc6 {[%clk 01:32:41]} {[%emt 00:00:04]} 6. e5 {[%clk 01:32:43]} {[%emt
00:00:07]} Qe7 {[%clk 01:33:07]} {[%emt 00:00:04]} 7. Qe2 {[%clk 01:33:09]}
{[%emt 00:00:04]} Nd5 {[%clk 01:33:33]} {[%emt 00:00:03]} 8. h4 {[%clk
01:33:24]} {[%emt 00:00:14]} f6 {[%clk 01:33:39]} {[%emt 00:00:26]} 9. c4
{[%clk 01:33:10]} {[%emt 00:00:44]} Ba6 {[%clk 01:27:24]} {[%emt 00:06:44]} 10.
exf6 {[%clk 01:28:06]} {[%emt 00:05:34]} Qxe2+ {[%clk 01:24:18]} {[%emt
00:03:35]} 11. Bxe2 {[%clk 01:27:53]} {[%emt 00:00:43]} Nxf6 {[%clk 01:24:42]}
{[%emt 00:00:06]} 12. O-O {[%clk 01:21:10]} {[%emt 00:07:13]} Bc5 {[%clk
01:08:54]} {[%emt 00:16:18]} 13. Nc3 {[%clk 01:15:23]} {[%emt 00:06:17]} d5
{[%clk 01:01:48]} {[%emt 00:07:37]} 14. b3 {[%clk 01:09:22]} {[%emt 00:06:31]}
O-O {[%clk 00:58:07]} {[%emt 00:04:11]} 15. Bb2 {[%clk 01:04:36]} {[%emt
00:05:17]} Rab8 {[%clk 00:52:39]} {[%emt 00:05:58]} 16. cxd5 {[%clk 00:59:04]}
{[%emt 00:06:02]} Bxe2 {[%clk 00:52:05]} {[%emt 00:01:04]} 17. Nxe2 {[%clk
00:58:33]} {[%emt 00:01:01]} cxd5 {[%clk 00:49:15]} {[%emt 00:03:20]} 18. Nd4
{[%clk 00:53:25]} {[%emt 00:05:38]} Rb6 {[%clk 00:43:17]} {[%emt 00:06:29]} 19.
Rac1 {[%clk 00:51:21]} {[%emt 00:02:33]} Nd7 {[%clk 00:36:44]} {[%emt
00:07:04]} 20. Rxc5 {[%clk 00:47:26]} {[%emt 00:04:25]} Nxc5 {[%clk 00:36:20]}
{[%emt 00:00:54]} 21. Ba3 {[%clk 00:47:13]} {[%emt 00:00:43]} Nxb3 {[%clk
00:29:16]} {[%emt 00:07:34]} 22. axb3 {[%clk 00:45:06]} {[%emt 00:02:37]} Rf4
{[%clk 00:24:51]} {[%emt 00:04:55]} 23. Bc5 {[%clk 00:42:43]} {[%emt 00:02:52]}
Ra6 {[%clk 00:22:12]} {[%emt 00:03:10]} 24. g3 {[%clk 00:39:58]} {[%emt
00:03:15]} Re4 {[%clk 00:16:26]} {[%emt 00:06:16]} 25. Rc1 {[%clk 00:36:30]}
{[%emt 00:03:58]} c6 {[%clk 00:11:32]} {[%emt 00:05:25]} 26. b4 {[%clk
00:35:00]} {[%emt 00:02:00]} g6 {[%clk 00:09:56]} {[%emt 00:02:06]} 27. Rc3
{[%clk 00:31:31]} {[%emt 00:03:58]} Ra1+ {[%clk 00:07:14]} {[%emt 00:03:13]}
28. Kg2 {[%clk 00:31:53]} {[%emt 00:00:09]} a5 {[%clk 00:03:41]} {[%emt
00:04:04]} 29. bxa5 {[%clk 00:29:52]} {[%emt 00:02:30]} Rxa5 {[%clk 00:03:24]}
{[%emt 00:00:46]} 30. Nxc6 {[%clk 00:29:19]} {[%emt 00:01:04]} Rb5 {[%clk
00:02:23]} {[%emt 00:01:31]} 31. Ne7+ {[%clk 00:25:54]} {[%emt 00:03:54]} Kg7
{[%clk 00:01:30]} {[%emt 00:01:23]} 32. Nxd5 {[%clk 00:23:02]} {[%emt
00:03:22]} Re5 {[%clk 00:01:29]} {[%emt 00:00:31]} 33. Bd4 {[%clk 00:22:58]}
{[%emt 00:00:34]} Rbxd5 {[%clk 00:01:52]} {[%emt 00:00:08]} 34. Rc7+ {[%clk
00:22:46]} {[%emt 00:00:41]} Kh6 {[%clk 00:01:40]} {[%emt 00:00:40]} 35. Bxe5
{[%clk 00:21:55]} {[%emt 00:01:24]} Rxe5 {[%clk 00:01:47]} {[%emt 00:00:22]}
36. g4 {[%clk 00:21:45]} {[%emt 00:00:40]} g5 {[%clk 00:00:56]} {[%emt
00:01:22]} 37. hxg5+ {[%clk 00:21:52]} {[%emt 00:00:23]} Rxg5 {[%clk 00:01:10]}
{[%emt 00:00:16]} 38. Kg3 {[%clk 00:21:21]} {[%emt 00:01:01]} Rg8 {[%clk
00:00:36]} {[%emt 00:01:05]} 39. f4 {[%clk 00:19:52]} {[%emt 00:01:59]} Kg6
{[%clk 00:00:46]} {[%emt 00:00:16]} 40. Kh4 {[%clk 00:19:41]} {[%emt 00:00:44]}
h6 {[%clk 00:00:50]} {[%emt 00:00:27]} 41. Rc6+ {[%clk 00:19:26]} {[%emt
00:00:45]} Kh7 {[%clk 00:00:40]} {[%emt 00:00:39]} 42. Kh5 {[%clk 00:18:48]}
{[%emt 00:01:08]} Rf8 {[%clk 00:29:50]} {[%emt 00:01:21]} 43. Rxh6+ {[%clk
00:48:45]} {[%emt 00:00:33]} Kg7 {[%clk 00:30:08]} {[%emt 00:00:12]} 44. f5
{[%clk 00:49:06]} {[%emt 00:00:08]} Rf7 {[%clk 00:29:23]} {[%emt 00:01:16]} 45.
Rb6 {[%clk 00:49:22]} {[%emt 00:00:13]} Rf8 {[%clk 00:28:10]} {[%emt 00:01:43]}
46. Kg5 {[%clk 00:49:29]} {[%emt 00:00:22]} Rf7 {[%clk 00:27:41]} {[%emt
00:00:59]} 47. f6+ {[%clk 00:49:30]} {[%emt 00:00:29]} Kh7 {[%clk 00:27:34]}
{[%emt 00:00:37]} 48. Re6 {[%clk 00:49:15]} {[%emt 00:00:45]} Rf8 {[%clk
00:26:31]} {[%emt 00:01:34]} 49. Re7+ {[%clk 00:48:52]} {[%emt 00:00:52]} Kh8
{[%clk 00:25:09]} {[%emt 00:01:52]} 50. Kf5 {[%clk 00:48:35]} {[%emt 00:00:48]}
Kg8 {[%clk 00:24:58]} {[%emt 00:00:42]} 51. Kg6 {[%clk 00:48:38]} {[%emt
00:00:26]} Rd8 {[%clk 00:23:43]} {[%emt 00:01:45]} 52. f7+ {[%emt 00:00:12]}
Kf8 {[%clk 00:23:59]} {[%emt 00:00:11]} 53. Re8+ {[%clk 00:49:21]} {[%emt
00:00:09]} Rxe8 {[%clk 00:24:21]} {[%emt 00:00:08]} 54. fxe8=Q+ {[%emt
00:00:09]} Kxe8 {[%clk 00:24:34]} {[%emt 00:00:13]} 55. Kh7 {[%clk 00:50:09]}
{[%emt 00:00:08]} Kf7 {[%clk 00:23:22]} {[%emt 00:01:42]} 56. g5 {[%clk
00:50:29]} {[%emt 00:00:10]} Kf8 {[%clk 00:20:58]} {[%emt 00:02:53]} 57. g6
{[%clk 00:50:53]} {[%emt 00:00:07]} Ke7 {[%clk 00:21:21]} {[%emt 00:00:07]} 58.
g7 {[%clk 00:51:15]} {[%emt 00:00:08]} Kf6 {[%clk 00:21:37]} {[%emt 00:00:13]}
59. g8=Q {[%clk 00:51:20]} {[%emt 00:00:26]} Ke5 {[%clk 00:21:55]} {[%emt
00:00:12]} 60. Qf7 {[%clk 00:51:43]} {[%emt 00:00:07]} Kd6 {[%emt 00:01:11]}
61. Qf5 {[%clk 00:51:29]} Kc6 {[%clk 00:22:21]} {[%emt 00:00:07]} 62. Qe5
{[%clk 00:51:36]} {[%emt 00:00:23]} Kd7 {[%clk 00:22:42]} {[%emt 00:00:09]} 63.
Qf6 {[%clk 00:51:40]} {[%emt 00:00:25]} Kc7 {[%clk 00:23:03]} {[%emt 00:00:10]}
64. Qe6 {[%clk 00:52:01]} {[%emt 00:00:08]} Kb7 {[%clk 00:23:17]} {[%emt
00:00:16]} 65. Qd6 {[%clk 00:52:25]} {[%emt 00:00:06]} Kc8 {[%clk 00:23:10]}
{[%emt 00:00:37]} 66. Qe7 {[%clk 00:52:47]} {[%emt 00:00:08]} Kb8 {[%clk
00:23:31]} {[%emt 00:00:09]} 67. Qd7 {[%clk 00:53:07]} {[%emt 00:00:10]} Ka8
{[%clk 00:23:57]} {[%emt 00:00:04]} 68. Kg6 {[%clk 00:53:21]} {[%emt 00:00:16]}
Kb8 {[%clk 00:24:23]} {[%emt 00:00:04]} 69. Kf6 {[%clk 00:53:39]} {[%emt
00:00:12]} Ka8 {[%clk 00:24:25]} {[%emt 00:00:28]} 70. Ke6 {[%clk 00:54:00]}
{[%emt 00:00:09]} Kb8 {[%clk 00:24:51]} {[%emt 00:00:04]} 71. Kd6 {[%clk
00:54:25]} {[%emt 00:00:05]} Ka8 {[%clk 00:25:18]} {[%emt 00:00:03]} 72. Kc6
{[%clk 00:54:46]} {[%emt 00:00:08]} Kb8 {[%clk 00:25:45]} {[%emt 00:00:04]} 73.
Qb7# {[%clk 00:54:35]} {[%emt 00:00:10]} 1-0